[Event "Midland Ch Forrest Cup"]
[Site "Derby"]
[Date "1992.03.20"]
[Round "1"]
[White "Cammack, George E"]
[Black "Archer-Lock, Christopher J"]
[Result "0-1"]
[WhiteElo "1392"]
[BlackElo "2072"]
[PlyCount "86"]
[EventDate "1992.03.20"]
[EventType "swiss"]
[EventRounds "6"]
[EventCountry "ENG"]
[SourceTitle "BritBase"]
[Source "John Saunders"]
[SourceDate "2022.11.28"]
[SourceVersion "1"]
[SourceVersionDate "2022.08.23"]
[SourceQuality "1"]

1. d4 g6 2. e3 Bg7 3. Nd2 d6 4. Bd3 Nc6 5. f4 e5 6. d5 Nce7 7. c4 b5 8. Ngf3
exf4 9. e4 bxc4 10. Bxc4 Nf6 11. Qc2 O-O 12. O-O Nh5 13. Nb3 c6 14. dxc6 Qb6+
15. Kh1 Nxc6 16. Ng5 Ne5 17. Bd5 Ba6 18. Bxa8 Bxf1 19. Bd2 Bd3 20. Qd1 Rxa8 21.
Ba5 Qb7 22. Qd2 Rc8 23. Bc3 h6 24. Nh3 Bxe4 25. Rf1 f3 26. Rf2 fxg2+ 27. Rxg2
Bxg2+ 28. Qxg2 Qxg2+ 29. Kxg2 Nd3 30. Bxg7 Kxg7 31. Nd4 Rc4 32. Nb5 Rc2+ 33.
Kf3 Rxb2 34. Nxa7 Rxh2 35. Ng1 Rxa2 36. Nb5 d5 37. Nc3 Ne5+ 38. Ke3 Nc4+ 39.
Kd4 Rd2+ 40. Kc5 Nf4 41. Nxd5 Rxd5+ 42. Kxc4 Rd3 43. Kb5 Rg3 0-1

[Event "Midland Ch Forrest Cup"]
[Site "Derby"]
[Date "1992.03.20"]
[Round "1"]
[White "Cole, Graham J"]
[Black "Barnes, Michael H"]
[Result "0-1"]
[WhiteElo "1992"]
[BlackElo "2152"]
[PlyCount "68"]
[EventDate "1992.03.20"]
[EventType "swiss"]
[EventRounds "6"]
[EventCountry "ENG"]
[SourceTitle "BritBase"]
[Source "John Saunders"]
[SourceDate "2022.11.28"]
[SourceVersion "1"]
[SourceVersionDate "2022.08.23"]
[SourceQuality "1"]

1. e4 c5 2. Nf3 Nc6 3. d4 cxd4 4. Nxd4 Nf6 5. Nc3 e5 6. Ndb5 d6 7. a4 a6 8. Na3
Be7 9. Be2 Be6 10. O-O O-O 11. Be3 d5 12. exd5 Nxd5 13. Nxd5 Qxd5 14. Nc4 Qe4
15. Nd2 Qb4 16. b3 Rfd8 17. Qc1 Nd4 18. Re1 Rac8 19. Bc4 Bxc4 20. Nxc4 Bf6 21.
Bxd4 exd4 22. Qa3 Qxa3 23. Nxa3 d3 24. Rad1 Bc3 25. Rf1 Bb4 26. Nc4 dxc2 27.
Rc1 b5 28. axb5 axb5 29. Ne3 Rd2 30. Rfe1 g6 31. Nf1 Rcd8 32. Ne3 R8d3 33. g3
Rxe3 34. fxe3 Ba3 0-1

[Event "Midland Ch Forrest Cup"]
[Site "Derby"]
[Date "1992.03.20"]
[Round "1"]
[White "Cooper, David M"]
[Black "Joseph, Stephen Mario"]
[Result "0-1"]
[WhiteElo "1936"]
[BlackElo "2120"]
[PlyCount "100"]
[EventDate "1992.03.20"]
[EventType "swiss"]
[EventRounds "6"]
[EventCountry "ENG"]
[SourceTitle "BritBase"]
[Source "John Saunders"]
[SourceDate "2022.11.28"]
[SourceVersion "1"]
[SourceVersionDate "2022.08.23"]
[SourceQuality "1"]

1. e4 c5 2. c3 d6 3. d4 Nf6 4. f3 Nbd7 5. Be3 g6 6. Bd3 Bg7 7. Ne2 O-O 8. O-O
e5 9. Nd2 cxd4 10. cxd4 exd4 11. Bxd4 Ne5 12. Bc2 Nc6 13. Bc3 d5 14. exd5 Nxd5
15. Bxg7 Kxg7 16. Nc4 b5 17. Be4 Be6 18. Bxd5 Bxd5 19. Ne3 Qb6 20. Qxd5 Rfe8
21. Ng3 Rxe3 22. Kh1 Re5 23. Qb3 Re3 24. Qd5 Re5 25. Qb3 Rae8 26. Rad1 Qe3 27.
Qxe3 Rxe3 28. Kg1 Nb4 29. a3 Nd3 30. Rd2 Nc5 31. h3 h5 32. Rd5 R8e5 33. Rxe5
Rxe5 34. Rd1 h4 35. Nf1 Na4 36. Rd2 Re1 37. b3 Nc5 38. Kf2 Ra1 39. b4 Nb3 40.
Rd3 Ra2+ 41. Ke3 Rxa3 42. Kf4 Ra1 43. Ne3 Nc1 44. Rd5 Ra4 45. Rxb5 Nd3+ 46. Kg5
Nxb4 47. Ng4 Nc6 48. Rc5 Nd4 49. Rd5 f6+ 50. Kf4 Nf5+ 0-1

[Event "Midland Ch Forrest Cup"]
[Site "Derby"]
[Date "1992.03.20"]
[Round "1"]
[White "Cooper, Lawrence"]
[Black "Alcock, Michael W"]
[Result "1/2-1/2"]
[WhiteElo "2256"]
[BlackElo "2240"]
[PlyCount "34"]
[EventDate "1992.03.20"]
[EventType "swiss"]
[EventRounds "6"]
[EventCountry "ENG"]
[SourceTitle "BritBase"]
[Source "John Saunders"]
[SourceDate "2022.11.28"]
[SourceVersion "1"]
[SourceVersionDate "2022.08.23"]
[SourceQuality "1"]

1. e4 Nf6 2. e5 Nd5 3. d4 d6 4. Nf3 dxe5 5. Nxe5 g6 6. c4 Nf6 7. Nc3 Bg7 8. Be2
O-O 9. O-O Nbd7 10. Be3 Nxe5 11. dxe5 Qxd1 12. Raxd1 Ng4 13. Bc5 Bxe5 14. h3
Nf6 15. Bxe7 Re8 16. Bxf6 Bxf6 17. Bf3 c6 1/2-1/2

[Event "Midland Ch Forrest Cup"]
[Site "Derby"]
[Date "1992.03.20"]
[Round "1"]
[White "Dutton, Ian R"]
[Black "Burke, Steven J"]
[Result "1-0"]
[WhiteElo "2128"]
[BlackElo "1960"]
[PlyCount "53"]
[EventDate "1992.03.20"]
[EventType "swiss"]
[EventRounds "6"]
[EventCountry "ENG"]
[SourceTitle "BritBase"]
[Source "John Saunders"]
[SourceDate "2022.11.28"]
[SourceVersion "1"]
[SourceVersionDate "2022.08.23"]
[SourceQuality "1"]

1. e4 e6 2. d4 d5 3. e5 c5 4. c3 Nc6 5. Nf3 Bd7 6. Be2 Qb6 7. a3 c4 8. Nbd2 Na5
9. O-O h6 10. Rb1 f5 11. b3 cxb3 12. c4 Ba4 13. Bb2 Ne7 14. Rc1 g5 15. Ne1 g4
16. Nd3 Nxc4 17. Rxc4 dxc4 18. Nxc4 Qc6 19. Nd6+ Kd8 20. Qd2 b6 21. Rc1 Qd7 22.
Nc5 bxc5 23. Qa5+ Qc7 24. Qxa4 Qc6 25. Nf7+ Ke8 26. Bb5 Qxb5 27. Nd6+ 1-0

[Event "Midland Ch Forrest Cup"]
[Site "Derby"]
[Date "1992.03.20"]
[Round "1"]
[White "Eames, Robert S"]
[Black "Richardson, Alex"]
[Result "1-0"]
[WhiteElo "2024"]
[BlackElo "1904"]
[PlyCount "63"]
[EventDate "1992.03.20"]
[EventType "swiss"]
[EventRounds "6"]
[EventCountry "ENG"]
[SourceTitle "BritBase"]
[Source "John Saunders"]
[SourceDate "2022.11.28"]
[SourceVersion "1"]
[SourceVersionDate "2022.08.23"]
[SourceQuality "1"]

1. d4 Nf6 2. c4 e6 3. Nf3 b6 4. a3 Ba6 5. Qc2 Bb7 6. Nc3 c5 7. e4 cxd4 8. Nxd4
d6 9. Bg5 Nbd7 10. O-O-O a6 11. f4 Qc7 12. Be2 Rc8 13. Rhe1 Be7 14. g4 b5 15.
Bxf6 Nxf6 16. g5 Nd7 17. cxb5 d5 18. bxa6 Qxf4+ 19. Kb1 Ba8 20. Bb5 Qc7 21.
exd5 O-O 22. dxe6 Nb6 23. exf7+ Rxf7 24. Bd3 Nc4 25. Bxh7+ Kh8 26. Ndb5 Qb6 27.
Qg6 Qf2 28. Re2 Qf4 29. Rd4 Qxd4 30. Nxd4 Rf1+ 31. Ka2 Bc5 32. Qh5 1-0

[Event "Midland Ch Forrest Cup"]
[Site "Derby"]
[Date "1992.03.20"]
[Round "1"]
[White "Gilmore, Simon N"]
[Black "Ledger, Stephen C"]
[Result "1-0"]
[WhiteElo "1904"]
[BlackElo "2112"]
[PlyCount "90"]
[EventDate "1992.03.20"]
[EventType "swiss"]
[EventRounds "6"]
[EventCountry "ENG"]
[SourceTitle "BritBase"]
[Source "John Saunders"]
[SourceDate "2022.11.28"]
[SourceVersion "1"]
[SourceVersionDate "2022.08.23"]
[SourceQuality "1"]

1. e4 c5 2. c4 Nc6 3. Nf3 g6 4. d4 cxd4 5. Nxd4 Bg7 6. Be3 d6 7. Be2 Nf6 8. Nc3
Bd7 9. O-O O-O 10. h3 Rc8 11. f4 a6 12. Qd2 Nxd4 13. Bxd4 Bc6 14. Bf3 Qa5 15.
Rfd1 Rfe8 16. Rac1 e5 17. Be3 exf4 18. Bxf4 Qc5+ 19. Be3 Qxc4 20. Nd5 Qxa2 21.
Ra1 Qb3 22. Ra3 Qb5 23. Ra5 Nxe4 24. Bxe4 Qxb2 25. Qxb2 Bxb2 26. Bd4 Bxd4+ 27.
Rxd4 Kg7 28. Bf3 Re5 29. Ra2 Rd8 30. Kf2 f6 31. Rad2 Kf7 32. Nc7 Bxf3 33. Kxf3
Rf5+ 34. Kg3 Rg5+ 35. Kh2 Rc5 36. Nd5 Rc6 37. g4 Kg7 38. Rf2 Rf8 39. Rdf4 f5
40. gxf5 gxf5 41. Ne7 Rb6 42. Rg2+ Kf7 43. Nd5 Rb3 44. Rxf5+ Ke8 45. Rxf8+ ({
I finf it hard to believe White would have overlooked the simple win} 45. Re2+
Kd7 46. Rxf8 {, etc. Another bulletin foul-up?}) 45... Kxf8 {The final
position is far from won for White. See above note for a more likely finish.}
1-0

[Event "Midland Ch Forrest Cup"]
[Site "Derby"]
[Date "1992.03.20"]
[Round "1"]
[White "Ledger, Dave J"]
[Black "Vere, Joe W"]
[Result "1-0"]
[WhiteElo "2160"]
[BlackElo "2016"]
[PlyCount "93"]
[EventDate "1992.03.20"]
[EventType "swiss"]
[EventRounds "6"]
[EventCountry "ENG"]
[SourceTitle "BritBase"]
[Source "John Saunders"]
[SourceDate "2022.11.28"]
[SourceVersion "1"]
[SourceVersionDate "2022.08.23"]
[SourceQuality "1"]

1. Nf3 Nf6 2. g3 b5 3. Bg2 Bb7 4. O-O e6 5. d3 Be7 6. e4 d5 7. e5 Nfd7 8. Re1
c5 9. h4 Nc6 10. c3 Qc7 11. Bf4 a5 12. Nbd2 c4 13. d4 Qb6 14. Nf1 b4 15. h5 Ba6
16. Bg5 bxc3 17. bxc3 Rb8 18. Bc1 Qb5 19. N3h2 a4 20. Qg4 g6 21. Qh3 Rf8 22.
hxg6 hxg6 23. f4 Nb6 24. g4 Kd7 25. Bd2 Rh8 26. Qf3 a3 27. Reb1 Qa5 28. f5 gxf5
29. gxf5 Rbg8 30. Ng4 Bc8 31. Nh6 Rf8 32. Nxf7 exf5 33. Nxh8 Rxh8 34. Rxb6 Qxb6
35. Qxd5+ Kc7 36. Qxc4 Ba6 37. Qe6 Bc8 38. Qxc6+ Qxc6 39. Bxc6 Kxc6 40. c4 Rh4
41. Be3 f4 42. d5+ Kc7 43. d6+ Kd7 44. Bc5 Bd8 45. Bxa3 Bb7 46. Nh2 f3 47. Rf1
1-0

[Event "Midland Ch Forrest Cup"]
[Site "Derby"]
[Date "1992.03.20"]
[Round "1"]
[White "Raynes, Paul C"]
[Black "Mercs, Peter J"]
[Result "1-0"]
[WhiteElo "2120"]
[BlackElo "1960"]
[PlyCount "67"]
[EventDate "1992.03.20"]
[EventType "swiss"]
[EventRounds "6"]
[EventCountry "ENG"]
[SourceTitle "BritBase"]
[Source "John Saunders"]
[SourceDate "2022.11.28"]
[SourceVersion "1"]
[SourceVersionDate "2022.08.23"]
[SourceQuality "1"]

{Faulty score.} 1. e4 g6 2. d4 Bg7 3. Nc3 c6 4. Bc4 d6 5. Qf3 Nf6 6. e5 dxe5 7.
dxe5 Nd5 8. Nxd5 cxd5 9. Bxd5 O-O 10. Ne2 Nc6 11. Bxc6 bxc6 12. O-O Bxe5 13.
Bh6 Bxb2 14. Rad1 Qc7 15. Bxf8 Kxf8 16. c3 Ba3 17. Rfe1 Kg7 18. Ng3 Bc5 19. Rd2
Ba3 20. Rd4 Bc5 21. Qg4 {(something clearly wrong with this score in the
bulletin but I can't figure out what. The bulletin says that the games were
input using ChessBase so someone wasn't watching what they were doing whilst
inputting!)} Be6 22. Qe2 Bd6 23. Re4 Bd5 24. Rh4 Bf4 25. Qg4 Bxg3 26. hxg3 Bxa2
27. Qg5 h5 28. Rxh5 Rh8 29. Rxh8 Kxh8 30. Rxe7 Qb8 31. c4 Kg7 32. Qd2 Qb1+ 33.
Re1 Qb3 34. Qa5 1-0

[Event "Midland Ch Forrest Cup"]
[Site "Derby"]
[Date "1992.03.20"]
[Round "1"]
[White "Rutter, Nicholas J"]
[Black "Rogerson, Alan M"]
[Result "0-1"]
[WhiteElo "2088"]
[BlackElo "1880"]
[PlyCount "98"]
[EventDate "1992.03.20"]
[EventType "swiss"]
[EventRounds "6"]
[EventCountry "ENG"]
[SourceTitle "BritBase"]
[Source "John Saunders"]
[SourceDate "2022.11.28"]
[SourceVersion "1"]
[SourceVersionDate "2022.08.23"]
[SourceQuality "1"]

1. e4 c5 2. Nf3 d6 3. d4 cxd4 4. Nxd4 Nf6 5. Nc3 a6 6. Bg5 e6 7. f4 Qc7 8. Qd2
Be7 9. O-O-O Nbd7 10. g4 h6 11. Bxf6 Nxf6 12. Rg1 b5 13. g5 hxg5 14. fxg5 Nd7
15. g6 Ne5 16. gxf7+ Kxf7 17. Bxb5 axb5 18. Ndxb5 Qc5 19. Qf4+ Kg8 20. Rg3 Rh4
21. Qf1 Ba6 22. Qg2 Rh7 23. Nd4 Bc8 24. Nf5 exf5 25. Rg1 Ng4 26. exf5 Rxa2 27.
Nxa2 Rxh2 28. Qe4 Bxf5 29. Qa8+ Kh7 30. R3g2 Bg5+ 31. Kb1 Bxc2+ 32. Ka1 Rxg2
33. Qxg2 Bf5 34. Rf1 Bh6 35. Rxf5 Qxf5 36. Nc3 Ne3 37. Qa8 d5 38. Ka2 d4 39.
Ne4 d3 40. Qe8 Qd5+ 41. Kb1 d2 42. Nxd2 Qxd2 43. Qe4+ Kg8 44. Qe8+ Kh7 45. Qe4+
g6 46. Qb7+ Bg7 47. Qh1+ Kg8 48. Qa8+ Bf8 49. Qe4 Qc2+ 0-1

[Event "Midland Ch Forrest Cup"]
[Site "Derby"]
[Date "1992.03.20"]
[Round "1"]
[White "Toscano, John"]
[Black "Robinson, John K"]
[Result "1-0"]
[WhiteElo "1848"]
[BlackElo "2096"]
[PlyCount "73"]
[EventDate "1992.03.20"]
[EventType "swiss"]
[EventRounds "6"]
[EventCountry "ENG"]
[SourceTitle "BritBase"]
[Source "John Saunders"]
[SourceDate "2022.11.28"]
[SourceVersion "1"]
[SourceVersionDate "2022.08.23"]
[SourceQuality "1"]

1. e4 e5 2. f4 Bc5 3. Nc3 d6 4. Nf3 Nc6 5. Bb5 Bd7 6. Na4 Bb6 7. Nxb6 axb6 8.
d3 Qe7 9. O-O Nf6 10. c3 h6 11. Ba4 O-O 12. Bb3 Ra5 13. Qe1 exf4 14. Bxf4 Ne5
15. Bxe5 dxe5 16. Nh4 Kh7 17. Kh1 g6 18. Nf3 Nh5 19. Qe3 Be6 20. Bxe6 Qxe6 21.
a3 Raa8 22. Nd2 Rad8 23. Rf3 Nf4 24. d4 f6 25. Raf1 Kg7 26. d5 Qg4 27. Rg3 Qd7
28. Nf3 Qb5 29. c4 Qxb2 30. Nh4 Kf7 31. Nxg6 Nxg6 32. Qxh6 Rg8 33. h4 Qe2 34.
Rgf3 Rd6 35. g3 Qxe4 36. Kh2 Ke7 37. Qh7+ 1-0

[Event "Midland Ch Forrest Cup"]
[Site "Derby"]
[Date "1992.03.21"]
[Round "2"]
[White "Archer-Lock, Christopher J"]
[Black "Dutton, Ian R"]
[Result "1-0"]
[WhiteElo "2072"]
[BlackElo "2128"]
[PlyCount "82"]
[EventDate "1992.03.20"]
[EventType "swiss"]
[EventRounds "6"]
[EventCountry "ENG"]
[SourceTitle "BritBase"]
[Source "John Saunders"]
[SourceDate "2022.11.28"]
[SourceVersion "1"]
[SourceVersionDate "2022.08.23"]
[SourceQuality "1"]

1. d4 Nf6 2. c4 e6 3. g3 d5 4. Bg2 Be7 5. Nf3 O-O 6. O-O Nbd7 7. Qc2 c6 8. Nbd2
b6 9. e4 Bb7 10. b3 Rc8 11. Bb2 c5 12. e5 Ne8 13. Qd3 Nc7 14. Rfd1 a5 15. Rac1
Na6 16. Qe2 Re8 17. cxd5 exd5 18. e6 fxe6 19. Qxe6+ Kh8 20. Bh3 Rc7 21. Re1 Nf6
22. Ng5 Bd6 23. Nf7+ Rxf7 24. Qxf7 Bc6 25. dxc5 Rf8 26. Bxf6 gxf6 27. Qh5 Nxc5
28. Bf5 Qc7 29. a3 Rg8 30. Qh6 Qg7 31. Qxg7+ Rxg7 32. b4 axb4 33. axb4 Bf4 34.
Red1 Ba4 35. bxc5 bxc5 36. Bc2 Bb5 37. Rb1 Be2 38. Re1 Bh5 39. Nb3 c4 40. Ra1
Bb8 41. Nd4 Rg8 1-0

[Event "Midland Ch Forrest Cup"]
[Site "Derby"]
[Date "1992.03.21"]
[Round "2"]
[White "Barnes, Michael H"]
[Black "Gilmore, Simon N"]
[Result "0-1"]
[WhiteElo "2152"]
[BlackElo "1904"]
[PlyCount "102"]
[EventDate "1992.03.20"]
[EventType "swiss"]
[EventRounds "6"]
[EventCountry "ENG"]
[SourceTitle "BritBase"]
[Source "John Saunders"]
[SourceDate "2022.11.28"]
[SourceVersion "1"]
[SourceVersionDate "2022.08.23"]
[SourceQuality "1"]

1. d4 Nf6 2. Nf3 g6 3. Nc3 d5 4. Bf4 c5 5. dxc5 Qa5 6. Nd2 Qxc5 7. Nb3 Qb4 8.
Be5 Be6 9. a3 Qb6 10. Bxf6 exf6 11. Nxd5 Bxd5 12. Qxd5 Be7 13. e3 O-O 14. Qd4
Qc6 15. Qc4 Qb6 16. Bd3 Nc6 17. O-O Rac8 18. Qb5 Qc7 19. Rac1 Rfd8 20. Be4 a6
21. Qe2 Ne5 22. c3 f5 23. Bb1 Bf6 24. Nd4 b5 25. g3 Qb7 26. e4 fxe4 27. Bxe4
Qb6 28. Bg2 Nc4 29. Nf3 Bg7 30. Rfe1 Re8 31. Qxe8+ Rxe8 32. Rxe8+ Bf8 33. b3
Nd6 34. Ra8 Ne4 35. Nd4 Nc5 36. Re1 Kg7 37. h4 Nd3 38. Ree8 Bxa3 39. h5 Qf6 40.
Rg8+ Kh6 41. Nf3 Bc5 42. hxg6 fxg6 43. g4 Bxf2+ 44. Kh1 Qxc3 45. g5+ Kh5 46.
Rxa6 Qc1+ 47. Kh2 Be3 48. Ra2 Kg4 49. Bh3+ Kxf3 50. Rf8+ Bf4+ 51. Rxf4+ Kxf4
0-1

[Event "Midland Ch Forrest Cup"]
[Site "Derby"]
[Date "1992.03.21"]
[Round "2"]
[White "Gibbons, Michael J"]
[Black "Cooper, Lawrence"]
[Result "0-1"]
[WhiteElo "1880"]
[BlackElo "2256"]
[PlyCount "62"]
[EventDate "1992.03.20"]
[EventType "swiss"]
[EventRounds "6"]
[EventCountry "ENG"]
[SourceTitle "BritBase"]
[Source "John Saunders"]
[SourceDate "2022.11.28"]
[SourceVersion "1"]
[SourceVersionDate "2022.08.23"]
[SourceQuality "1"]

1. e4 e5 2. Nf3 Nc6 3. Bb5 a6 4. Ba4 Nf6 5. d3 b5 6. Bb3 Be7 7. c3 d6 8. Nbd2
O-O 9. Nf1 Na5 10. Bc2 c5 11. Ne3 Re8 12. O-O Bf8 13. a4 Bb7 14. Qe2 d5 15. Nf5
c4 16. exd5 cxd3 17. Qxd3 e4 18. Qd4 exf3 19. Bg5 Bxd5 20. Bxf6 gxf6 21. Qg4+
Kh8 22. gxf3 Nc4 23. Nd4 Ne5 24. Qh5 Ng6 25. Kh1 Re5 26. Qh3 Bc5 27. Bf5 Bxd4
28. cxd4 Rxf5 29. Qxf5 Nh4 30. Qf4 Nxf3 31. Rad1 Ng5+ 0-1

[Event "Midland Ch Forrest Cup"]
[Site "Derby"]
[Date "1992.03.21"]
[Round "2"]
[White "Joseph, Stephen Mario"]
[Black "Ledger, Dave J"]
[Result "1-0"]
[WhiteElo "2120"]
[BlackElo "2160"]
[PlyCount "91"]
[EventDate "1992.03.20"]
[EventType "swiss"]
[EventRounds "6"]
[EventCountry "ENG"]
[SourceTitle "BritBase"]
[Source "John Saunders"]
[SourceDate "2022.11.28"]
[SourceVersion "1"]
[SourceVersionDate "2022.08.23"]
[SourceQuality "1"]

1. c4 Nf6 2. Nc3 g6 3. g3 Bg7 4. Bg2 O-O 5. e3 d6 6. Nge2 e5 7. d3 c6 8. O-O
Be6 9. b4 Nbd7 10. b5 Qc7 11. bxc6 bxc6 12. Ba3 Rfd8 13. Rb1 Rab8 14. Qa4 d5
15. cxd5 Nxd5 16. Ne4 Rxb1 17. Rxb1 N7b6 18. Qc2 f5 19. Ng5 Bd7 20. e4 Bf6 21.
exd5 Bxg5 22. d6 Qc8 23. f4 exf4 24. Nxf4 Re8 25. Qc3 Bxf4 26. gxf4 Nd5 27. Qd4
Qa6 28. Bxd5+ cxd5 29. Qxd5+ Be6 30. d7 Rd8 31. Qe5 Qxa3 32. Qxe6+ Kg7 33. Re1
Qc5+ 34. Kf1 Kh6 35. Qe7 Qxe7 36. Rxe7 Kh5 37. Kf2 Kg4 38. Ke3 h6 39. Kd4 Kxf4
40. Kd5 h5 41. Kd6 g5 42. Kc7 Rxd7+ 43. Kxd7 Kg4 44. d4 f4 45. Ke6 Kh3 46. d5
1-0

[Event "Midland Ch Forrest Cup"]
[Site "Derby"]
[Date "1992.03.21"]
[Round "2"]
[White "Ledger, Andrew J"]
[Black "Toscano, John"]
[Result "1-0"]
[WhiteElo "2288"]
[BlackElo "1848"]
[PlyCount "41"]
[EventDate "1992.03.20"]
[EventType "swiss"]
[EventRounds "6"]
[EventCountry "ENG"]
[SourceTitle "BritBase"]
[Source "John Saunders"]
[SourceDate "2022.11.28"]
[SourceVersion "1"]
[SourceVersionDate "2022.08.23"]
[SourceQuality "1"]

1. c4 e6 2. Nc3 Nf6 3. Nf3 c5 4. g3 Nc6 5. Bg2 Be7 6. O-O d5 7. cxd5 exd5 8. d4
O-O 9. b3 cxd4 10. Nxd4 Re8 11. Bb2 Bc5 12. Nxc6 bxc6 13. Na4 Bf8 14. Qc2 Bg4
15. e3 Rc8 16. Rac1 Nd7 17. h3 Bh5 18. Qd2 Ne5 19. f4 Bb4 20. Qxb4 Nd3 21. Qd4
1-0

[Event "Midland Ch Forrest Cup"]
[Site "Derby"]
[Date "1992.03.21"]
[Round "2"]
[White "Ledger, Stephen C"]
[Black "Burke, Steven J"]
[Result "1-0"]
[WhiteElo "2112"]
[BlackElo "1960"]
[PlyCount "81"]
[EventDate "1992.03.20"]
[EventType "swiss"]
[EventRounds "6"]
[EventCountry "ENG"]
[SourceTitle "BritBase"]
[Source "John Saunders"]
[SourceDate "2022.11.28"]
[SourceVersion "1"]
[SourceVersionDate "2022.08.23"]
[SourceQuality "1"]

1. f4 g6 2. Nf3 Bg7 3. e3 Nf6 4. d4 O-O 5. Nbd2 b6 6. c3 Bb7 7. Bd3 d6 8. O-O
Nbd7 9. Nc4 c5 10. a4 Rc8 11. Qe2 Be4 12. Bd2 Qc7 13. Na3 Bxd3 14. Qxd3 c4 15.
Qe2 Ne4 16. Be1 d5 17. Bh4 f6 18. Nd2 Nxd2 19. Qxd2 a6 20. f5 g5 21. Bg3 Qc6
22. Nc2 a5 23. Rfe1 b5 24. axb5 Qxb5 25. Na3 Qb7 26. e4 Nb6 27. Nc2 dxe4 28.
Qe2 e6 29. Rxa5 exf5 30. Rxf5 Rfe8 31. Nb4 Qd7 32. Ref1 Re6 33. h4 h6 34. hxg5
hxg5 35. Qe3 Na4 36. d5 Ree8 37. d6 Nxb2 38. Nd5 Re6 39. Rxf6 Rxf6 40. Rxf6 Rf8
41. Ne7+ 1-0

[Event "Midland Ch Forrest Cup"]
[Site "Derby"]
[Date "1992.03.21"]
[Round "2"]
[White "Mercs, Peter J"]
[Black "Cole, Graham J"]
[Result "0-1"]
[WhiteElo "1960"]
[BlackElo "1992"]
[PlyCount "66"]
[EventDate "1992.03.20"]
[EventType "swiss"]
[EventRounds "6"]
[EventCountry "ENG"]
[SourceTitle "BritBase"]
[Source "John Saunders"]
[SourceDate "2022.11.28"]
[SourceVersion "1"]
[SourceVersionDate "2022.08.23"]
[SourceQuality "1"]

1. e4 e5 2. Nf3 Nc6 3. Bb5 f5 4. d4 fxe4 5. Nxe5 Nxe5 6. dxe5 c6 7. Nc3 cxb5 8.
Nxe4 d5 9. exd6 Nf6 10. Bg5 Qa5+ 11. Bd2 b4 12. Nxf6+ gxf6 13. Bf4 Be6 14. Qe2
Kd7 15. O-O Rg8 16. c4 bxc3 17. bxc3 Bd5 18. Bg3 Bxd6 19. c4 Bxg3 20. hxg3 Bc6
21. Rfd1+ Kc7 22. Qe7+ Kb6 23. Rd6 Rab8 24. c5+ Ka6 25. Qe2+ Qb5 26. Qc2 Rg4
27. f4 Rxg3 28. Kh2 Rbg8 29. Rg1 R3g6 30. g4 Rxg4 31. Rxg4 Rxg4 32. a4 Qf1 33.
Rd2 Qh1# 0-1

[Event "Midland Ch Forrest Cup"]
[Site "Derby"]
[Date "1992.03.21"]
[Round "2"]
[White "Naylor, John"]
[Black "Eames, Robert S"]
[Result "0-1"]
[WhiteElo "2168"]
[BlackElo "2024"]
[PlyCount "54"]
[EventDate "1992.03.20"]
[EventType "swiss"]
[EventRounds "6"]
[EventCountry "ENG"]
[SourceTitle "BritBase"]
[Source "John Saunders"]
[SourceDate "2022.11.28"]
[SourceVersion "1"]
[SourceVersionDate "2022.08.23"]
[SourceQuality "1"]

1. d4 Nf6 2. Bg5 Ne4 3. Bf4 c5 4. d5 Qb6 5. Nd2 Nxd2 6. Bxd2 Qxb2 7. e4 g6 8.
Rb1 Qa3 9. Rb3 Qa4 10. Bc3 Qxe4+ 11. Be2 Rg8 12. Nf3 b6 13. Bb2 Ba6 14. Re3
Qb4+ 15. Bc3 Bxe2 16. Qxe2 Qb1+ 17. Kd2 Qxh1 18. Bf6 Kd8 19. Rxe7 Bh6+ 20. Kd3
Kc8 21. d6 Nc6 22. Ke4 Qxg2 23. Kd5 Qg4 24. c3 Nxe7+ 25. dxe7 Qe6+ 26. Qxe6
fxe6+ 27. Ke5 Kc7 0-1

[Event "Midland Ch Forrest Cup"]
[Site "Derby"]
[Date "1992.03.21"]
[Round "2"]
[White "Richardson, Alex"]
[Black "Rutter, Nicholas J"]
[Result "1-0"]
[WhiteElo "1904"]
[BlackElo "2088"]
[PlyCount "53"]
[EventDate "1992.03.20"]
[EventType "swiss"]
[EventRounds "6"]
[EventCountry "ENG"]
[SourceTitle "BritBase"]
[Source "John Saunders"]
[SourceDate "2022.11.28"]
[SourceVersion "1"]
[SourceVersionDate "2022.08.23"]
[SourceQuality "1"]

1. e4 e5 2. f4 exf4 3. Nf3 Be7 4. Bc4 Nf6 5. e5 Ng4 6. O-O d5 7. exd6 Qxd6 8.
d4 Be6 9. Bxe6 Qxe6 10. Bxf4 O-O 11. Re1 Qd7 12. h3 Nf6 13. Nc3 Bb4 14. Qd3
Bxc3 15. bxc3 Nd5 16. Bd2 f6 17. c4 Ne7 18. Rab1 b6 19. Qe4 Nec6 20. d5 Ne5 21.
Nxe5 fxe5 22. Qxe5 Kh8 23. Qe7 Qc8 24. Bc3 Rg8 25. Qf7 Na6 26. Re7 Qf8 27. Rf1
1-0

[Event "Midland Ch Forrest Cup"]
[Site "Derby"]
[Date "1992.03.21"]
[Round "2"]
[White "Robinson, John K"]
[Black "Cooper, David M"]
[Result "1-0"]
[WhiteElo "2096"]
[BlackElo "1936"]
[PlyCount "89"]
[EventDate "1992.03.20"]
[EventType "swiss"]
[EventRounds "6"]
[EventCountry "ENG"]
[SourceTitle "BritBase"]
[Source "John Saunders"]
[SourceDate "2022.11.28"]
[SourceVersion "1"]
[SourceVersionDate "2022.08.23"]
[SourceQuality "1"]

1. d4 e6 2. e4 d5 3. Nc3 Nf6 4. e5 Nfd7 5. f4 c5 6. Nf3 Nc6 7. Be2 cxd4 8. Nb5
Bc5 9. Nbxd4 Nxd4 10. Nxd4 Nxe5 11. Nb3 Nd7 12. Nxc5 Qa5+ 13. Bd2 Qxc5 14. Bc3
Nf6 15. Bd4 Qe7 16. O-O O-O 17. c3 Bd7 18. Bd3 Ne4 19. Qc2 f5 20. b4 Rfc8 21.
Rf3 Be8 22. Bxe4 dxe4 23. Rg3 g6 24. Qf2 a6 25. h4 h5 26. Rg5 Kh7 27. a4 Rd8
28. Qe3 Rd5 29. Ra2 Rad8 30. Rd2 Rc8 31. a5 Qf7 32. g4 fxg4 33. Qxe4 Rxg5 34.
hxg5 Bc6 35. Qe5 Bd5 36. Kh2 Qe7 37. Kg3 Qf7 38. Rh2 Bf3 39. Kh4 Bd5 40. Rf2
Bf3 41. Rd2 Bc6 42. c4 Rg8 43. b5 axb5 44. cxb5 Bd5 45. Rc2 1-0